[Event "POLFINAL MISTRZOSTW POLSKI JUNIOROW 2017 - C13"]
[Site "Jastrzebia Gora"]
[Date "2017-11-15"]
[Round "2.9"]
[White "Syrkiewicz, Michal"]
[Black "Bartlomowicz, Jakub"]
[Result "1/2-1/2"]
[WhiteTitle "II"]
[BlackTitle "II"]
[WhiteElo "1545"]
[BlackElo "1479"]

1. Nf3 d5 2. d4 Nf6 3. e3 Bf5 4. c4 c6 5. Nc3 e6 6. Be2 Nbd7 7. Bd2 Be7 8. O-O
O-O 9. Nh4 Bg6 10. Nxg6 hxg6 11. Rc1 Bb4 12. f3 Qc7 13. Qe1 e5 14. Nxd5 Bxd2 15.
Nxf6+ Nxf6 16. Qxd2 Rad8 17. Rfd1 exd4 18. exd4 Rd7 19. Qe3 Rfd8 20. Rd2 Re8 21.
Qg5 c5 22. d5 Re5 23. Qh4 Rh5 24. Qg3 Qa5 25. Rcd1 Qxa2 26. f4 Rh6 27. Qe3 Qa5
28. g4 Rh8 29. g5 Nh7 30. Bg4 Rd8 31. d6 Nf8 32. Rd5 b6 33. Qe7 b5 34. Qc7 Qb6
35. Rxc5 Rh4 36. Be2 Ne6 37. Qxb6 axb6 38. Rxb5 Nxf4 39. Bf3 Ne6 40. b3 Nd4 41.
Kg2 Nxb5 42. cxb5 Kf8 43. d7 f6 44. gxf6 gxf6 45. Bc6 1/2-1/2

[Event "POLFINAL MISTRZOSTW POLSKI JUNIOROW 2017 - C13"]
[Site "Jastrzebia Gora"]
[Date "2017-11-15"]
[Round "2.10"]
[White "Szafranski, Maciej"]
[Black "Topola, Rafal"]
[Result "0-1"]
[WhiteTitle "II"]
[BlackTitle "I"]
[WhiteElo "1485"]
[BlackElo "1535"]

1. e4 c5 2. Nf3 e6 3. d4 cxd4 4. Nxd4 Nc6 5. f3 Qc7 6. c4 Nf6 7. Nc3 a6 8. Be3
Be7 9. Be2 d6 10. O-O Bd7 11. Rb1 Ne5 12. Nb3 Nxc4 13. Bxc4 Qxc4 14. Rc1 Bb5 15.
Re1 Qd3 16. Nxb5 Qxb5 17. Re2 O-O 18. Rec2 Rfd8 19. Qd2 Ne8 20. Nd4 Qd7 21. Kh1
Rdc8 22. a3 Bf6 23. b4 Rxc2 24. Rxc2 Rc8 25. Nb3 Rxc2 26. Qxc2 Qc7 27. Qxc7 Nxc7
28. Na5 b5 29. Nb7 Ne8 30. Bc1 Kf8 31. Na5 Nc7 32. Kg1 d5 33. exd5 Nxd5 34. Nc6
Ke8 35. Nb8 Bd4+ 36. Kf1 Nc7 37. Nc6 Bb6 38. Ke2 f6 39. Kd3 Kd7 40. Nd4 Nd5 41.
g3 Bc7 42. f4 e5 43. fxe5 Bxe5 44. Nb3 Bd6 45. Kd4 Nc7 46. Be3 Ne6+ 47. Kd5 Be5
48. Bc1 Bc7 49. Be3 h5 50. Bc5 Be5 51. Bd4 Bxd4 52. Nxd4 Nxd4 53. Kxd4 Kd6 54.
Ke4 g6 55. h4 Ke6 56. Kf4 Kd5 0-1

[Event "POLFINAL MISTRZOSTW POLSKI JUNIOROW 2017 - C13"]
[Site "Jastrzebia Gora"]
[Date "2017-11-15"]
[Round "2.11"]
[White "Kania, Dominik"]
[Black "Mocko, Maciej"]
[Result "1-0"]
[WhiteTitle "II+"]
[BlackTitle "II"]
[WhiteElo "1577"]
[BlackElo "1263"]

1. d4 Nf6 2. Bf4 d5 3. e3 c5 4. c3 Qb6 5. Qb3 c4 6. Qc2 Nc6 7. Nd2 Qa6 8. e4 e6
9. Ngf3 b5 10. Be2 Qb6 11. O-O b4 12. Rfe1 Be7 13. Ne5 a5 14. Qa4 Bd7 15. Nxd7
Nxd7 16. exd5 exd5 17. Bf3 Nf6 18. Nxc4 Qa6 19. Ne5 bxc3 20. Nxc6 cxb2 21. Nb4+
Kf8 22. Nxa6 bxa1=Q 23. Rxa1 Rxa6 24. Rb1 Bb4 25. Rxb4 Re6 26. Rb8+ Ke7 27. Qxa5
Rxb8 28. Bxb8 Ne4 29. Bxe4 Rxe4 30. Qc5+ Kf6 31. f3 1-0

[Event "POLFINAL MISTRZOSTW POLSKI JUNIOROW 2017 - C13"]
[Site "Jastrzebia Gora"]
[Date "2017-11-15"]
[Round "2.12"]
[White "Kossowski, Pawel"]
[Black "Bekier, Piotr"]
[Result "1-0"]
[WhiteTitle "II"]
[BlackTitle "II"]
[WhiteElo "1446"]
[BlackElo "1193"]

1. e4 e6 2. Nf3 d5 3. Nc3 d4 4. Ne2 c5 5. c3 d3 6. Nf4 Nc6 7. Nxd3 Be7 8. Nde5
Nxe5 9. Nxe5 Nf6 10. d3 O-O 11. Be2 Qc7 12. Nf3 c4 13. e5 Nd7 14. d4 b5 15. O-O
Bb7 16. Qc2 f6 17. Bf4 fxe5 18. Bxe5 Nxe5 19. Nxe5 Bd6 20. f4 Rf6 21. g3 Raf8
22. Bf3 Bxe5 23. dxe5 Rf5 24. Bxb7 Qxb7 25. Rad1 Qb6+ 26. Qf2 Qb8 27. Rd6 Rd8
28. Rfd1 Rxd6 29. Rxd6 Rf7 30. Qd4 Qb7 31. Qc5 Qf3 32. Qf2 Qb7 33. Qg2 Qc8 34.
Qc6 Qxc6 35. Rxc6 Rd7 36. Rxe6 Rd1+ 37. Kg2 Rd2+ 38. Kh3 Rxb2 39. Ra6 Rc2 40.
Ra3 a5 41. Rxa5 Rxc3 42. Rxb5 Ra3 43. Rc5 c3 44. e6 Kf8 45. f5 Rxa2 46. Rxc3 Ra5
47. g4 Ke7 48. Rc7+ Kf6 49. Rf7+ Kg5 50. Rxg7+ Kh6 51. f6 Ra6 52. Kh4 Rxe6 53.
g5# 1-0

[Event "POLFINAL MISTRZOSTW POLSKI JUNIOROW 2017 - C13"]
[Site "Jastrzebia Gora"]
[Date "2017-11-15"]
[Round "2.13"]
[White "Szymanczyk, Lukasz"]
[Black "Strepikowski, Pawel"]
[Result "0-1"]
[WhiteTitle "II"]
[BlackTitle "II"]
[WhiteElo "1158"]
[BlackElo "1382"]

1. e4 c5 2. Nf3 d6 3. d4 cxd4 4. Nxd4 Nf6 5. Nc3 a6 6. Be2 e5 7. Nb3 Be6 8. O-O
Be7 9. Bg5 Nbd7 10. Qd2 O-O 11. Rad1 Qc7 12. Kh1 Rfd8 13. f3 Nb6 14. a4 Nc4 15.
Bxc4 Bxc4 16. Rfe1 Rac8 17. Bxf6 Bxf6 18. Nd5 Bxd5 19. Qxd5 Qxc2 20. Rd2 Qc6 21.
Qxc6 Rxc6 22. Red1 Be7 23. Kg1 Rdc8 24. Na5 R6c7 25. b3 b5 26. axb5 axb5 27. Rd5
Rc5 28. b4 Rc1 29. Rxc1 Rxc1+ 30. Kf2 Rc2+ 31. Kf1 g6 32. Rxb5 Rb2 33. Nc6 Bf8
34. Rb8 Kg7 35. b5 Rc2 36. Na7 Rc1+ 37. Kf2 d5 38. exd5 Bc5+ 39. Kg3 Bxa7 40.
Rb7 Be3 41. d6 Rd1 42. d7 Kf6 43. Rc7 Ke6 44. Rc8 0-1

[Event "POLFINAL MISTRZOSTW POLSKI JUNIOROW 2017 - C13"]
[Site "Jastrzebia Gora"]
[Date "2017-11-15"]
[Round "2.14"]
[White "Budzisz, Adrian"]
[Black "Rozalski, Marcin"]
[Result "1-0"]
[WhiteTitle "II"]
[BlackTitle "II"]
[WhiteElo "1312"]
[BlackElo "1153"]

1. e4 c5 2. Nf3 d6 3. d3 Nc6 4. g3 g6 5. Bg2 Bg7 6. c3 e6 7. O-O Nge7 8. Re1 O-O
9. Nbd2 b5 10. Nf1 Bd7 11. Ne3 a5 12. Ng4 Kh8 13. Nh6 Ng8 14. Nxg8 Kxg8 15. Bd2
b4 16. Qc1 h5 17. Bh6 bxc3 18. bxc3 Qf6 19. e5 dxe5 20. Bg5 Qf5 21. Re4 f6 22.
Be3 g5 23. Bxc5 Rfb8 24. Nd2 Rb5 25. Be3 Ne7 26. Nc4 Nc8 27. Rxe5 Rxe5 28. Nxe5
Qxe5 29. Bxa8 Ne7 30. Bg2 Nd5 31. Bd4 Qf5 32. Be4 Qh3 33. Qb2 Ne7 34. Qb8+ Kf7
35. Qd6 Be8 36. Re1 Bf8 37. Bc5 h4 38. Bf3 hxg3 39. fxg3 Ng6 40. Qc7+ Be7 41.
Bxe7 Nxe7 42. Bd5 Qh7 43. Rxe6 Kf8 44. Rxf6+ 1-0

[Event "POLFINAL MISTRZOSTW POLSKI JUNIOROW 2017 - C13"]
[Site "Jastrzebia Gora"]
[Date "2017-11-15"]
[Round "2.15"]
[White "Grzechowiak, Kacper"]
[Black "Maron, Wojciech"]
[Result "1/2-1/2"]
[WhiteTitle "II"]
[BlackTitle "III"]
[WhiteElo "1289"]
[BlackElo "1128"]

1. e4 e5 2. Nf3 Nc6 3. d4 exd4 4. Nxd4 d6 5. Bb5 Bd7 6. Nc3 Nf6 7. Bg5 Be7 8. Qd3
h6 9. Bf4 Nh5 10. Bg3 Nxg3 11. hxg3 O-O 12. Bxc6 bxc6 13. f4 c5 14. Nf3 a6 15.
Ne2 Qb8 16. b3 Qb5 17. c4 Qb4+ 18. Kf2 Bg4 19. Rad1 c6 20. e5 Rfd8 21. Qc2 f5
22. Nh4 Kh7 23. Nf3 d5 24. Rd2 Rd7 25. Nh4 g6 26. Ng1 d4 27. Rd3 Rad8 28. Ngf3
h5 29. Nh2 Bxh4 30. gxh4 Kh6 31. Nxg4+ hxg4 32. g3 a5 33. h5 gxh5 34. e6 Re7 35.
Rdd1 Rf8 36. Rhe1 Rf6 37. Re5 Qc3 38. Qe2 Kg6 39. Rd3 Qc1 40. Rd1 Qc3 41. Rd3
1/2-1/2

[Event "POLFINAL MISTRZOSTW POLSKI JUNIOROW 2017 - C13"]
[Site "Jastrzebia Gora"]
[Date "2017-11-15"]
[Round "3.1"]
[White "Kietrys, Maciej"]
[Black "Panek, Bartosz"]
[Result "0-1"]
[WhiteTitle "I"]
[BlackTitle "I"]
[WhiteElo "1537"]
[BlackElo "1618"]

1. e4 c5 2. Nc3 e6 3. g3 d5 4. exd5 exd5 5. Bg2 d4 6. Nd5 Bd6 7. Ne2 Ne7 8. Nxe7
Qxe7 9. O-O O-O 10. d3 Bg4 11. f3 Bd7 12. Re1 Re8 13. Bf4 Na6 14. c3 Bxf4 15.
Nxf4 Qd6 16. Qb3 Bc6 17. Kf2 Nc7 18. h4 Nd5 19. Nxd5 Bxd5 20. Qc2 Re3 21. f4 Rae8
22. Rxe3 dxe3+ 23. Kg1 Bxg2 24. Kxg2 Qd5+ 25. Kg1 Rd8 26. Re1 Qxd3 27. Qxd3 Rxd3
28. Re2 Rd2 29. Kf1 Rd3 30. Kg2 f6 31. Kf3 a6 32. Rxe3 Rd2 33. Re2 Rd7 34. c4
Kf7 35. b3 a5 36. a4 Kg6 37. g4 h5 38. g5 Kf5 39. gxf6 gxf6 40. Re3 Rd4 41. Re7
Rd3+ 42. Re3 Rxe3+ 43. Kxe3 Kg4 44. Ke4 Kxh4 45. Kd5 Kg4 46. Kxc5 h4 47. Kb6 h3
48. Kxb7 h2 49. Kb6 h1=Q 50. Kxa5 Qa8+ 51. Kb4 Kxf4 0-1

[Event "POLFINAL MISTRZOSTW POLSKI JUNIOROW 2017 - C13"]
[Site "Jastrzebia Gora"]
[Date "2017-11-15"]
[Round "3.2"]
[White "Iwaszkiewicz, Krzysztof"]
[Black "Czarnomski, Dominik"]
[Result "0-1"]
[WhiteTitle "II"]
[BlackTitle "II"]
[WhiteElo "1542"]
[BlackElo "1532"]

1. d4 Nf6 2. c4 g6 3. Nc3 Bg7 4. e4 d6 5. Be3 O-O 6. f3 Nc6 7. Nge2 e5 8. d5 Ne7
9. Ng3 Ne8 10. Bd3 f5 11. Bf2 f4 12. Nge2 Nf6 13. Rc1 g5 14. c5 a6 15. cxd6 cxd6
16. Na4 g4 17. Bb6 Qe8 18. Bc7 gxf3 19. gxf3 Qh5 20. Nec3 Ne8 21. Bb6 Bf6 22.
Kd2 Kh8 23. Qe2 Bd7 24. Ba5 b5 25. Nb6 Ra7 26. Nxd7 Rxd7 27. a4 bxa4 28. Nxa4
Ng6 29. Rhf1 Nh4 30. Rf2 Rg7 31. Kc2 Rfg8 32. Rcf1 Rg2 33. Kb1 Rxf2 34. Rxf2 Qf7
35. Bxa6 Nc7 36. Bc4 Ra8 37. Qd2 Ne8 38. b3 Qb7 39. Kc2 Bd8 40. Bb4 Bb6 41. Rf1
Be3 42. Qe1 Ng6 43. Ba3 Qc7 44. Kb2 Rxa4 45. bxa4 Qxc4 46. Bb4 Bd4+ 47. Bc3 Bxc3+
48. Qxc3 Qxf1 49. Qc8 Qe2+ 50. Ka3 Qxf3+ 51. Ka2 Qe2+ 52. Ka3 Qd3+ 53. Ka2 Qd2+
54. Ka3 Qe3+ 55. Ka2 Qf2+ 56. Ka3 Qc5+ 0-1

[Event "POLFINAL MISTRZOSTW POLSKI JUNIOROW 2017 - C13"]
[Site "Jastrzebia Gora"]
[Date "2017-11-15"]
[Round "3.3"]
[White "Dzida, Kamil"]
[Black "Oleksy, Krzysztof"]
[Result "1-0"]
[WhiteTitle "I++"]
[BlackTitle "I"]
[WhiteElo "1881"]
[BlackElo "1496"]

1. e4 c5 2. Nf3 d6 3. d4 cxd4 4. Nxd4 Nf6 5. Nc3 a6 6. Nb3 e5 7. Bg5 Be6 8. Nd2
Be7 9. Bxf6 Bxf6 10. Nc4 Be7 11. Nd5 b5 12. Ncb6 Ra7 13. a4 Rb7 14. a5 Nd7 15.
Be2 Nxb6 16. Nxb6 O-O 17. O-O Kh8 18. Bg4 g6 19. Bf3 Rc7 20. c3 Rg8 21. Re1 Qf8
22. Qd2 Qg7 23. g3 f5 24. exf5 gxf5 25. Bd5 Bxd5 26. Nxd5 Rcc8 27. Rad1 Bf8 28.
Ne3 Qg5 29. Kh1 f4 30. Nd5 Qh5 31. Qe2 f3 32. Qd3 Rg6 33. Re4 Rc4 34. Rxc4 bxc4
35. Qe4 Rh6 36. h4 Rg6 37. Ne3 Be7 38. Qxc4 Bg5 39. Qc8+ Rg8 40. Qg4 Qxg4 41.
Nxg4 Bxh4 42. Nh6 Rg6 43. Nf5 Bd8 44. Rxd6 Bxa5 45. Rd5 Bc7 46. Rc5 Rf6 47. g4
Rf7 48. Rc6 a5 49. Re6 Rf8 50. Re7 Bb8 51. Re6 Rd8 52. Kh2 Kg8 53. Kg3 e4+ 54.
Kh4 Ba7 55. Rxe4 Bxf2+ 56. Kg5 Bc5 57. Rf4 f2 58. b4 axb4 59. cxb4 Bxb4 60. Rxf2
Bd2+ 61. Kh5 Kh8 62. g5 Bb4 63. Nh6 Kg7 64. Rf7+ Kh8 65. Rb7 Rf8 66. Rxb4 Rc8
67. Rd4 Rf8 68. Rd8 1-0

[Event "POLFINAL MISTRZOSTW POLSKI JUNIOROW 2017 - C13"]
[Site "Jastrzebia Gora"]
[Date "2017-11-15"]
[Round "3.4"]
[White "Kosior, Jan"]
[Black "Poltorak, Sebastian"]
[Result "1/2-1/2"]
[WhiteTitle "II"]
[BlackTitle "I"]
[WhiteElo "1605"]
[BlackElo "1716"]

1. e4 c6 2. Nc3 d5 3. Qe2 e6 4. g3 Ne7 5. Bg2 g6 6. Nf3 Bg7 7. exd5 exd5 8. O-O
O-O 9. h3 Re8 10. d4 Nf5 11. Qd1 Nd7 12. Ne2 Nf8 13. c3 Nd6 14. Nf4 Bf5 15. Nd3
Qc8 16. Kh2 Bxd3 17. Qxd3 Ne6 18. b3 Qc7 19. Bb2 Rad8 20. Bc1 b6 21. Ng5 h6 22.
Nxe6 Rxe6 23. Bd2 Rde8 24. Rfe1 Ne4 25. Bxe4 dxe4 26. Qc2 f5 27. Re2 Qd7 28. Rae1
Kh7 29. Bc1 Bf8 30. Bf4 Bg7 31. Bc1 Qd5 32. Rd1 Qd7 33. Rde1 R6e7 34. Ba3 Re6
35. Bc1 Bf6 36. Rd1 Qd8 37. Rde1 Qd7 38. Rd1 R6e7 39. Ba3 Re6 40. Bc1 a6 41. Be3
Bg7 42. Red2 Rd8 43. c4 Rd6 44. d5 Qb7 45. Bf4 R6d7 46. dxc6 1/2-1/2

[Event "POLFINAL MISTRZOSTW POLSKI JUNIOROW 2017 - C13"]
[Site "Jastrzebia Gora"]
[Date "2017-11-15"]
[Round "3.5"]
[White "Topola, Rafal"]
[Black "Paprocki, Stanislaw"]
[Result "1-0"]
[WhiteTitle "I"]
[BlackTitle "I"]
[WhiteElo "1535"]
[BlackElo "1663"]

1. e4 c5 2. Nf3 d6 3. d4 cxd4 4. Nxd4 Nf6 5. Nc3 a6 6. h3 b5 7. Nd5 e6 8. Nxf6+
Qxf6 9. a4 bxa4 10. Rxa4 Bb7 11. Be3 Qd8 12. Qa1 Qc8 13. Rc4 Qd7 14. Qa5 Be7 15.
Rc7 Bd8 16. Nb5 Bc6 17. Bb6 axb5 18. Rxd7 Kxd7 19. Bxd8 Rxd8 20. Qc3 f6 21. Be2
Ra1+ 22. Bd1 Bxe4 23. O-O Rc8 24. Qb4 Bc6 25. Be2 Rxf1+ 26. Bxf1 Na6 27. Qg4 Rg8
28. Qh5 Ke7 29. Qxh7 Kf7 30. Qh5+ g6 31. Qd1 Ke7 32. Qe1 Nc7 33. Qc3 Kd7 34. Qxf6
Nd5 35. Qg5 Rg7 36. h4 e5 37. g3 Ne7 38. Bh3+ Kc7 39. h5 Be8 40. Be6 Bc6 41. Qh6
1-0

[Event "POLFINAL MISTRZOSTW POLSKI JUNIOROW 2017 - C13"]
[Site "Jastrzebia Gora"]
[Date "2017-11-15"]
[Round "3.6"]
[White "Bartlomowicz, Jakub"]
[Black "Kania, Dominik"]
[Result "1-0"]
[WhiteTitle "II"]
[BlackTitle "II+"]
[WhiteElo "1479"]
[BlackElo "1577"]

1. e4 Nf6 2. e5 Nd5 3. d4 d6 4. c4 Nb6 5. exd6 cxd6 6. Nc3 g6 7. Be3 Bg7 8. Rc1
O-O 9. Nf3 Bf5 10. b3 d5 11. c5 Nc8 12. Bd3 Bxd3 13. Qxd3 Nc6 14. O-O e6 15. Bf4
N8e7 16. Bd6 Qd7 17. Rfe1 Rfd8 18. Ne5 Nxe5 19. dxe5 Nc6 20. a3 f6 21. f4 fxe5
22. fxe5 b6 23. b4 bxc5 24. bxc5 Rab8 25. Bxb8 Rxb8 26. Rb1 Rc8 27. Qa6 Bxe5 28.
Na4 Qc7 29. Rxe5 Nxe5 30. Qxe6+ Nf7 31. Qxd5 Rd8 32. Qc4 Qe5 33. Nc3 Qe3+ 34.
Kh1 Rd4 35. Qb3 Rd3 36. Qb8+ Kg7 37. Nb5 Rb3 38. Rf1 Qxc5 39. Qf4 Qe7 40. Qc4
Re3 41. Rxf7+ Qxf7 42. Qd4+ Qf6 43. Qxe3 Qf1+ 44. Qg1 Qxb5 45. Qxa7+ Kh6 46. a4
Qb1+ 47. Qg1 Qb4 48. Qd1 Qa5 49. Kg1 Qc5+ 50. Kf1 Qc4+ 51. Kf2 Qa2+ 52. Ke1 Qe6+
53. Qe2 Qb3 54. Qd2+ Kg7 55. a5 Qb1+ 56. Ke2 Qe4+ 57. Kf2 Qf5+ 58. Ke3 Qg5+ 59.
Kd3 Qf5+ 60. Kc4 Qe6+ 61. Qd5 Qe2+ 62. Kc5 Qc2+ 63. Kb6 Qb2+ 64. Qb5 Qf6+ 65.
Ka7 Qd4+ 66. Qb6 Qa1 67. a6 Kh6 68. Ka8 Qh8+ 69. Qb8 Qd4 70. Qf8+ Kg5 71. Qe7+
Kh6 72. g3 Qd5+ 73. Qb7 Qd8+ 74. Ka7 Qd4+ 75. Kb8 Qd6+ 76. Kc8 Qe6+ 77. Kc7 Qe7+
78. Kc6 Qe4+ 79. Kd7 Qd4+ 80. Ke7 Qc5+ 81. Kf7 Qc4+ 82. Kf8 Qc5+ 83. Qe7 Qc8+
84. Kf7 Qf5+ 85. Kg8 Qd5+ 86. Qf7 Qd1 87. a7 Kh5 88. a8=Q h6 89. Qad5+ Qxd5 90.
Qxd5+ g5 91. Qf3+ Kg6 92. g4 h5 93. Qf5+ Kh6 94. Qf6# 1-0

[Event "POLFINAL MISTRZOSTW POLSKI JUNIOROW 2017 - C13"]
[Site "Jastrzebia Gora"]
[Date "2017-11-15"]
[Round "3.7"]
[White "Dziendziel, Mateusz"]
[Black "Kossowski, Pawel"]
[Result "1/2-1/2"]
[WhiteTitle "II"]
[BlackTitle "II"]
[WhiteElo "1557"]
[BlackElo "1446"]

1. e4 e5 2. Nf3 Nc6 3. d4 exd4 4. Nxd4 Bc5 5. Nf5 Qf6 6. Nc3 Nge7 7. Be3 Bxe3 8.
Nxe3 a6 9. g3 d6 10. Bg2 O-O 11. f4 Re8 12. Qd2 Qd4 13. O-O-O Qxd2+ 14. Rxd2 Be6
15. a3 f6 16. h4 Rad8 17. h5 f5 18. Bh3 g6 19. hxg6 hxg6 20. exf5 Bxf5 21. Nxf5
Nxf5 22. Bxf5 gxf5 23. Rdh2 Ne7 24. Rh7 Rc8 25. Kd2 c6 26. Ne2 c5 27. Ng1 b5 28.
Nf3 Nd5 29. Rd7 Nf6 30. Ra7 Ra8 31. Rxa8 Rxa8 32. Ng5 Re8 33. Rd1 Ne4+ 34. Nxe4
Rxe4 35. Kc3 Re3+ 36. Rd3 Rxd3+ 37. Kxd3 Kf7 38. b4 1/2-1/2

[Event "POLFINAL MISTRZOSTW POLSKI JUNIOROW 2017 - C13"]
[Site "Jastrzebia Gora"]
[Date "2017-11-15"]
[Round "3.8"]
[White "Strepikowski, Pawel"]
[Black "Syrkiewicz, Michal"]
[Result "1-0"]
[WhiteTitle "II"]
[BlackTitle "II"]
[WhiteElo "1382"]
[BlackElo "1545"]

1. e4 d5 2. exd5 Qxd5 3. Nc3 Qa5 4. d4 Nf6 5. Bd3 c6 6. Nf3 Bg4 7. h3 Bh5 8. Bd2
Nbd7 9. Qe2 e6 10. O-O Be7 11. Ne4 Qc7 12. c3 O-O-O 13. Ng3 Bxf3 14. Qxf3 Rdg8
15. a4 g5 16. a5 h5 17. a6 b6 18. Ne4 Nxe4 19. Bxe4 g4 20. Qxf7 gxh3 21. Qxe7
hxg2 22. Bxg2 h4 23. Kh1 h3 24. Be4 h2 25. Qxe6 c5 26. Qc6 Qxc6 27. Bxc6 Nf6 28.
Bf3 Rh3 29. Bg2 Rh4 30. Rae1 Kd7 31. Re5 Rh7 32. dxc5 bxc5 33. Re3 Ng4 34. Bh3
Kd6 35. Bxg4 Rxg4 36. Rg3 Re4 37. Be3 Ra4 38. Rg2 Ra2 39. Bc1 Kd5 40. Rxh2 Rxh2+
41. Kxh2 Rxa6 42. f4 Rg6 43. f5 1-0

[Event "POLFINAL MISTRZOSTW POLSKI JUNIOROW 2017 - C13"]
[Site "Jastrzebia Gora"]
[Date "2017-11-15"]
[Round "3.9"]
[White "Majewski, Krzysztof"]
[Black "Budzisz, Adrian"]
[Result "1-0"]
[WhiteTitle "II"]
[BlackTitle "II"]
[WhiteElo "1521"]
[BlackElo "1312"]

1. d4 d5 2. c4 e6 3. Nc3 Nf6 4. Bg5 Bb4 5. e3 h6 6. Bh4 c6 7. Nf3 g5 8. Bg3 Ne4
9. Qc2 Bxc3+ 10. bxc3 Nxg3 11. hxg3 dxc4 12. Bxc4 b5 13. Bd3 Bb7 14. a4 g4 15.
Ne5 a6 16. Nxg4 h5 17. Ne5 Nd7 18. Nxd7 Kxd7 19. axb5 cxb5 20. c4 Bxg2 21. Rh2
Bc6 22. Qc3 Qg5 23. Rh4 Rhc8 24. Be2 Rh8 25. Rc1 Rac8 26. Qa5 Bb7 27. Rb1 Qg6
28. Rb2 Rc7 29. c5 e5 30. Rd2 e4 31. Qc3 Bd5 32. Bf1 f5 33. Rd1 Rb7 34. Rc1 b4
35. Qb2 a5 36. c6+ Bxc6 37. d5 Rc8 38. dxc6+ Rxc6 39. Rxc6 Kxc6 40. Qb3 Kb6 41.
Be2 Rc7 42. Rxh5 Qf6 43. Kf1 Rc1+ 44. Kg2 Qc3 45. Rh6+ Kb7 46. Ba6+ Ka7 47. Qf7+
Qc7 48. Qxf5 Rc5 49. Qxe4 Re5 50. Qg6 Re7 51. Be2 Qb7+ 52. Bf3 Qb5 53. Rh8 Rb7
54. Bxb7 Qxb7+ 55. Kh2 Qb6 56. Rh7+ Ka6 57. Qd3+ 1-0

[Event "POLFINAL MISTRZOSTW POLSKI JUNIOROW 2017 - C13"]
[Site "Jastrzebia Gora"]
[Date "2017-11-15"]
[Round "3.10"]
[White "Gardian, Adam"]
[Black "Lokaj, Bartlomiej"]
[Result "1/2-1/2"]
[WhiteTitle "II"]
[BlackTitle "II"]
[WhiteElo "1360"]
[BlackElo "1488"]

1. g3 d5 2. Nf3 e6 3. Bg2 Nf6 4. O-O c5 5. d3 Be7 6. Nbd2 O-O 7. Re1 Nc6 8. e4
h6 9. e5 Nd7 10. Nf1 Re8 11. g4 Nf8 12. Ng3 Ng6 13. a3 Qc7 14. Qe2 Rb8 15. Nh5
Nh4 16. Nxh4 Bxh4 17. c3 b5 18. Be3 d4 19. cxd4 Nxd4 20. Bxd4 cxd4 21. Rac1 Qe7
22. Rf1 Bb7 23. Be4 b4 24. a4 Qd7 25. b3 Bd5 26. Rb1 Rec8 27. Bxd5 Qxd5 28. Nf4
Qd7 29. Qe4 Rc5 30. Rbc1 Qc7 31. Rc4 Qxe5 32. Qxe5 Rxe5 33. Rxd4 Bf6 34. Rd7 a5
35. Ng2 Rc5 36. Rb1 Rbc8 37. Ne3 Rc1+ 38. Rxc1 Rxc1+ 39. Kg2 Rc3 40. Nc4 Rxb3
41. Nxa5 Rb1 42. Rb7 Bc3 43. Rb8+ Kh7 44. Nc6 Ra1 45. a5 Ra3 46. Nxb4 Rxa5 47.
Rb7 Ra4 48. Nc6 Rxg4+ 49. Kf3 f5 50. Rb6 e5 51. Rb5 Rf4+ 52. Kg3 Bd4 53. Nxe5
Rxf2 54. Nf3 1/2-1/2

[Event "POLFINAL MISTRZOSTW POLSKI JUNIOROW 2017 - C13"]
[Site "Jastrzebia Gora"]
[Date "2017-11-15"]
[Round "3.11"]
[White "Grzechowiak, Kacper"]
[Black "Szafranski, Maciej"]
[Result "0-1"]
[WhiteTitle "II"]
[BlackTitle "II"]
[WhiteElo "1289"]
[BlackElo "1485"]

1. e4 c5 2. Nf3 d6 3. Nc3 a6 4. g3 b5 5. Bg2 Bb7 6. d3 Nf6 7. O-O e6 8. a3 Be7
9. Re1 O-O 10. Bd2 Nbd7 11. Qe2 Re8 12. Kh1 Qc7 13. d4 Nb6 14. Bg5 Rac8 15. Rad1
cxd4 16. Nxd4 Nc4 17. Bh3 Kh8 18. Rb1 Nxb2 19. Bxf6 Bxf6 20. Ncxb5 axb5 21. Nxb5
Qc5 22. c3 Nc4 23. a4 d5 24. f3 dxe4 25. fxe4 Rcd8 26. Rb4 Rd2 27. Qf1 Ne3 28.
Rxe3 Qxe3 29. Nc7 Bxe4+ 30. Rxe4 Qxe4+ 31. Bg2 Qxg2+ 32. Qxg2 Rxg2 33. Nxe8 Ra2
0-1

[Event "POLFINAL MISTRZOSTW POLSKI JUNIOROW 2017 - C13"]
[Site "Jastrzebia Gora"]
[Date "2017-11-15"]
[Round "3.12"]
[White "Maron, Wojciech"]
[Black "Kojlo, Szymon"]
[Result "0-1"]
[WhiteTitle "III"]
[BlackTitle "II"]
[WhiteElo "1128"]
[BlackElo "1376"]

1. e4 c6 2. d4 d5 3. e5 c5 4. c3 Nc6 5. Nf3 Bg4 6. Be2 e6 7. h3 Bh5 8. Ng1 Bxe2
9. Nxe2 Nge7 10. Ng3 cxd4 11. cxd4 Qb6 12. Ne2 Nf5 13. O-O Ncxd4 14. Nxd4 Qxd4
15. Re1 Qxd1 16. Rxd1 Bc5 17. Kf1 O-O 18. g4 Ne7 19. a3 Rac8 20. h4 Ng6 21. h5
Nxe5 22. g5 Rfd8 23. b4 Bb6 24. Bb2 Nd7 25. h6 g6 26. Bg7 Rc2 27. Rd2 Rdc8 28.
a4 Bd8 29. Rxc2 Rxc2 30. Na3 Rc8 31. Nb5 Bxg5 32. Nxa7 Ra8 33. Rc1 Bxc1 0-1

[Event "POLFINAL MISTRZOSTW POLSKI JUNIOROW 2017 - C13"]
[Site "Jastrzebia Gora"]
[Date "2017-11-15"]
[Round "3.13"]
[White "Kupis, Pawel"]
[Black "Pieczulis, Blazej"]
[Result "1-0"]
[WhiteTitle "II"]
[BlackTitle "II"]
[WhiteElo "1308"]
[BlackElo "1229"]

1. e4 e6 2. d4 d5 3. Nd2 dxe4 4. Nxe4 Bd7 5. Nf3 Bc6 6. Bd3 Bxe4 7. Bxe4 c6 8.
c3 Nf6 9. Bg5 Be7 10. Bc2 Nbd7 11. O-O O-O 12. Qd3 h6 13. Bh4 c5 14. Rad1 a6 15.
Rfe1 b5 16. Ne5 c4 17. Qf3 Nd5 18. Nc6 Qe8 19. Nxe7+ Nxe7 20. Qe4 Ng6 21. Bg3
Nf6 22. Qe2 Ne7 23. Bd6 Qd7 24. Bxe7 Qxe7 25. d5 Rfe8 26. Bf5 Rad8 27. dxe6 Rxd1
28. Qxd1 Kf8 29. Kf1 Rd8 30. Qc1 Rd6 31. exf7 Qxf7 32. Rd1 Qc7 33. Kg1 Qd8 34.
Bc2 Rxd1+ 35. Qxd1 Qxd1+ 36. Bxd1 Ke7 37. Bf3 Kd6 38. Kf1 Kc5 39. Ke2 a5 40. Kd2
b4 41. h3 Nd7 42. Be2 Nb6 43. f4 Nd5 44. g3 Nf6 45. Bf3 bxc3+ 46. Kxc3 Nd7 47.
g4 Nb6 48. b3 cxb3 49. axb3 a4 50. b4+ Kb5 51. Be2+ Kc6 52. Bf3+ Kb5 53. h4 Nd7
54. Be2+ Kb6 55. Kd4 Kc6 56. Ke4 a3 57. Bc4 Nb6 58. Ba2 Kb5 59. Kf5 Kxb4 60. Kg6
Kc3 61. Kxg7 Nc4 62. f5 Nd2 63. f6 Kb2 64. Bd5 Nb3 65. f7 a2 66. f8=Q a1=Q 67.
Qf6+ Kb1 68. Qxa1+ Nxa1 69. Kxh6 Kb2 70. g5 1-0

[Event "POLFINAL MISTRZOSTW POLSKI JUNIOROW 2017 - C13"]
[Site "Jastrzebia Gora"]
[Date "2017-11-15"]
[Round "3.14"]
[White "Mocko, Maciej"]
[Black "Szymanczyk, Lukasz"]
[Result "0-1"]
[WhiteTitle "II"]
[BlackTitle "II"]
[WhiteElo "1263"]
[BlackElo "1158"]

1. Nf3 d5 2. g3 Nf6 3. Bg2 c5 4. O-O Nc6 5. d3 e5 6. Re1 Bf5 7. c3 Be7 8. Nbd2
O-O 9. Nh4 Be6 10. e4 d4 11. Qc2 Qd7 12. cxd4 cxd4 13. Nc4 Rac8 14. b3 Nb4 15.
Qe2 b5 16. Nxe5 Qd6 17. Bf4 g5 18. Neg6 gxf4 19. Nxf8 Bxf8 20. e5 Qb6 21. exf6
Nc2 22. Qh5 Rc5 23. Re5 Rxe5 24. Qxe5 Nxa1 25. Qg5+ Kh8 0-1

[Event "POLFINAL MISTRZOSTW POLSKI JUNIOROW 2017 - C13"]
[Site "Jastrzebia Gora"]
[Date "2017-11-15"]
[Round "3.15"]
[White "Bekier, Piotr"]
[Black "Rozalski, Marcin"]
[Result "0-1"]
[WhiteTitle "II"]
[BlackTitle "II"]
[WhiteElo "1193"]
[BlackElo "1153"]

1. d4 d5 2. c4 e6 3. Nc3 Nf6 4. Nf3 Be7 5. Bf4 O-O 6. e3 b6 7. cxd5 exd5 8. Bd3
Bb7 9. Rc1 Nbd7 10. O-O c5 11. Ne5 Rc8 12. Nxd7 Qxd7 13. Qf3 Rfe8 14. Be5 Ne4
15. Nxe4 dxe4 16. Bxe4 Bxe4 17. Qxe4 Bd6 18. Qf4 Bxe5 19. dxe5 Qe6 20. Rfd1 Qxa2
21. Ra1 Qxb2 22. Rxa7 Qb3 23. Rad7 b5 24. g3 Rf8 25. R1d6 c4 26. e6 fxe6 27. Qe5
Qb1+ 28. Kg2 Qg6 29. Rxe6 Rf6 30. Rxf6 Qxf6 31. Qxb5 c3 32. Qb1 Qc6+ 0-1

[Event "POLFINAL MISTRZOSTW POLSKI JUNIOROW 2017 - C13"]
[Site "Jastrzebia Gora"]
[Date "2017-11-15"]
[Round "4.1"]
[White "Panek, Bartosz"]
[Black "Czarnomski, Dominik"]
[Result "1-0"]
[WhiteTitle "I"]
[BlackTitle "II"]
[WhiteElo "1618"]
[BlackElo "1532"]

1. e4 Nf6 2. e5 Nd5 3. d4 d6 4. Nf3 Nc6 5. Be2 g6 6. c4 Nb6 7. exd6 cxd6 8. d5
Ne5 9. Nxe5 dxe5 10. Be3 Bg7 11. Nc3 O-O 12. O-O Bd7 13. Qb3 Qc7 14. Rac1 f5 15.
c5 1-0

[Event "POLFINAL MISTRZOSTW POLSKI JUNIOROW 2017 - C13"]
[Site "Jastrzebia Gora"]
[Date "2017-11-15"]
[Round "4.2"]
[White "Topola, Rafal"]
[Black "Dzida, Kamil"]
[Result "1/2-1/2"]
[WhiteTitle "I"]
[BlackTitle "I++"]
[WhiteElo "1535"]
[BlackElo "1881"]

1. e4 c5 2. Nf3 d6 3. d4 cxd4 4. Nxd4 Nf6 5. Nc3 a6 6. h3 e6 7. g4 Be7 8. Bg2 Nfd7
9. Be3 O-O 10. Qe2 Nc6 11. O-O-O Nxd4 12. Bxd4 b5 13. f4 Bb7 14. e5 Bxg2 15. Qxg2
d5 16. Rhf1 Qc7 17. Rde1 b4 18. Nd1 Bc5 19. Qd2 Rfc8 20. Ne3 Qb6 21. Rd1 a5 22.
Kb1 a4 23. f5 b3 24. a3 bxc2+ 25. Nxc2 Bxd4 26. Qxd4 Qxd4 27. Nxd4 Nxe5 28. fxe6
fxe6 29. Nxe6 Nc4 30. Rf2 Rab8 31. Ka2 Nb6 32. Rd4 Re8 33. Nc7 Re4 34. Rxe4 dxe4
35. Re2 Rb7 36. Nb5 Nd5 37. Nd6 Rb6 38. Nxe4 Nf4 39. Rh2 Rc6 40. Nc3 Rc4 41. h4
Kf7 42. Rd2 Ke7 43. h5 h6 44. Rd1 Ne6 45. Nd5+ Ke8 46. Re1 Kf7 47. Rf1+ Ke8 48.
Re1 Kf7 49. Rf1+ Ke8 50. Re1 1/2-1/2